| 000 | 00666nam a2200229Ia 4500 | ||
|---|---|---|---|
| 003 | OSt | ||
| 005 | 20221007072147.0 | ||
| 006 | a|||||r|||| 00| 0 | ||
| 007 | ta | ||
| 008 | 221006b |||||||| |||| 00| 0 eng d | ||
| 024 | _a10,599 | ||
| 037 | _cTextual | ||
| 040 |
_aFLL _cFLL _beng |
||
| 041 |
_2eng _aeng |
||
| 082 | _aL:5oZ73, L3 | ||
| 100 |
_aAnderson F.R. Au. _9690164 |
||
| 245 | 0 |
_aNepa in the courts _b legal analysis of the national environmental policy act |
|
| 260 |
_aLondon _bResources for the future London _c1973 |
||
| 300 |
_a324p _ccm. |
||
| 942 |
_hL:5oZ73, L3 _cTEXL _2CC |
||
| 999 |
_c1145338 _d1145338 |
||